| 000 | 00797nac a22002051u 4500 | ||
|---|---|---|---|
| 008 | 100721s xxu|||||r|||| 001 0 ara d | ||
| 082 |
_bس ي ل _a220.9 _222 |
||
| 100 |
_aسيل ، كانون _916594 |
||
| 245 |
_a/تطور القرآن التاريخي _cكانون سل ؛ ترجمة مالك مسلماني |
||
| 260 |
_a{د.م} _b{د.ن} ، _c2005 |
||
| 300 |
_a141ص؛ _c24 سم |
||
| 500 | _aيحتوي على صفحة عنوان باللغة الأنجليزية | ||
| 511 | _aCatalogued by: Sara | ||
| 538 |
_aألف باء ; _uشراء ; |
||
| 541 |
_aألف باء؛ _cشراء ؛ |
||
| 650 |
_aالقرآن _916601 _xزمن النزول |
||
| 650 |
_aالقرآن _916017 _xتاريخ |
||
| 650 |
_aالقرآن _916804 _xترتيب النزول |
||
| 942 |
_cBB _k220.9 س ي ل _2ddc |
||
| 999 |
_c6755 _d6755 |
||